La Rua Maduriera - Nino Ferrer - Paroles - Statistiques

Statistiques générales
  • Ce quiz a été pris 5 fois
  • Le résultat moyen est 204 sur 222
Statistiques - réponses
Réponse % Correct
à
100%
allé
100%
baie
100%
brésilien
100%
ce
100%
comprenais
100%
Dans
100%
d'autres
100%
de
100%
du
100%
100%
d'un
100%
écrit
100%
et
100%
habitais
100%
inconnus
100%
j'ai
100%
jamais
100%
je
100%
Je
100%
jour
100%
journal
100%
juillet
100%
la
100%
La
100%
le
100%
long
100%
lu
100%
mal
100%
nom
100%
Non
100%
nous
100%
n'y
100%
100%
100%
page
100%
parlais
100%
pays
100%
pour
100%
pourtant
100%
première
100%
que
100%
rien
100%
Rio
100%
Rua
100%
rue
100%
séparer
100%
suis
100%
Sur
100%
t'ai
100%
toi
100%
ton
100%
Ton
100%
tu
100%
Tu
100%
arrivée
80%
avons
80%
Caravelle
80%
ciel
80%
conduisait
80%
connue
80%
Corcovado
80%
couleur
80%
d'amour
80%
douceur
80%
J'essayais
80%
l'aéroport
80%
lire
80%
Madureira
80%
monter
80%
n'est
80%
noms
80%
n'oublierai
80%
parmi
80%
pas
80%
pluie
80%
qui
80%
sourire
80%
sous
80%
tant
80%
taxi
80%
une
80%
avant
60%
corps
60%
marché
60%
me
60%
retournée
60%
t'es
60%
peu
40%
temps
40%
Aussi
20%
Aucun quiz correspondant
Distribution des résultats
% des personnes avec chaque résultat
Percentile par nombre de réponses
Votre historique - résultats
Vous n’avez pas pris ce quiz